<?xml version="1.0" encoding="UTF-8"?>
<record
    xmlns:xsi="http://www.w3.org/2001/XMLSchema-instance"
    xsi:schemaLocation="http://www.loc.gov/MARC21/slim http://www.loc.gov/standards/marcxml/schema/MARC21slim.xsd"
    xmlns="http://www.loc.gov/MARC21/slim">

  <leader>00543nam a22001457a 4500</leader>
  <controlfield tag="003">OSt</controlfield>
  <controlfield tag="005">20150908153900.0</controlfield>
  <controlfield tag="008">150908b        xxu||||| |||| 00| 0 eng d</controlfield>
  <datafield tag="040" ind1=" " ind2=" ">
    <subfield code="c">RUA</subfield>
  </datafield>
  <datafield tag="082" ind1=" " ind2=" ">
    <subfield code="a">AGR &#x179F;&#x17CA;&#x17D2;&#x179A;&#x17BB;&#x1793; &#x17E1;&#x17E9;&#x17E9;&#x17E2; BOO8 Or.1</subfield>
  </datafield>
  <datafield tag="100" ind1=" " ind2=" ">
    <subfield code="9">163</subfield>
    <subfield code="a">&#x179F;&#x17CA;&#x17D2;&#x179A;&#x17BB;&#x1793; &#x17A0;&#x17C1;&#x1784;</subfield>
  </datafield>
  <datafield tag="245" ind1=" " ind2=" ">
    <subfield code="a">&#x179B;&#x1780;&#x17D2;&#x1781;&#x1781;&#x17D0;&#x1793;&#x17D2;&#x178C; &#x1795;&#x179B;&#x17B7;&#x178F;&#x1780;&#x1798;&#x17D2;&#x1798; &#x1793;&#x17B7;&#x1784;&#x179B;&#x1791;&#x17D2;&#x1792;&#x1797;&#x17B6;&#x1796;&#x1793;&#x17C3;&#x1780;&#x17B6;&#x179A;&#x179B;&#x1780;&#x17CB;&#x1795;&#x179B;&#x17B7;&#x178F;&#x1795;&#x179B;&#x179F;&#x17D2;&#x179A;&#x17BC;&#x179C; &#x1793;&#x17C5;&#x1794;&#x17D2;&#x179A;&#x1791;&#x17C1;&#x179F;&#x1780;&#x17D2;&#x1798;&#x1796;&#x17BB;&#x1787;&#x17B6;</subfield>
  </datafield>
  <datafield tag="300" ind1=" " ind2=" ">
    <subfield code="a">41p.</subfield>
    <subfield code="b">ill.</subfield>
    <subfield code="c">29cm.</subfield>
  </datafield>
  <datafield tag="942" ind1=" " ind2=" ">
    <subfield code="2">ddc</subfield>
    <subfield code="c">AGR</subfield>
  </datafield>
  <datafield tag="999" ind1=" " ind2=" ">
    <subfield code="c">143</subfield>
    <subfield code="d">143</subfield>
  </datafield>
  <datafield tag="952" ind1=" " ind2=" ">
    <subfield code="0">0</subfield>
    <subfield code="1">0</subfield>
    <subfield code="2">ddc</subfield>
    <subfield code="4">0</subfield>
    <subfield code="6">AGR_&#x179F;&#x179A;&#x17BB;&#x1793;_&#x17E1;&#x17E9;&#x17E9;&#x17E2;_000000000000000_BOO8_OR_1</subfield>
    <subfield code="7">0</subfield>
    <subfield code="9">500</subfield>
    <subfield code="a">LBB</subfield>
    <subfield code="b">LBB</subfield>
    <subfield code="c">B009</subfield>
    <subfield code="d">2015-09-08</subfield>
    <subfield code="o">AGR &#x179F;&#x17CA;&#x17D2;&#x179A;&#x17BB;&#x1793; &#x17E1;&#x17E9;&#x17E9;&#x17E2; BOO8 Or.1</subfield>
    <subfield code="p">RUA004640</subfield>
    <subfield code="r">2015-09-08</subfield>
    <subfield code="w">2015-09-08</subfield>
    <subfield code="y">AGR</subfield>
  </datafield>
  <datafield tag="952" ind1=" " ind2=" ">
    <subfield code="0">0</subfield>
    <subfield code="1">0</subfield>
    <subfield code="2">ddc</subfield>
    <subfield code="4">0</subfield>
    <subfield code="6">AGR_&#x179F;&#x179A;&#x17BB;&#x1793;_&#x17E1;&#x17E9;&#x17E9;&#x17E2;_000000000000000_BOO8_OR_2</subfield>
    <subfield code="7">0</subfield>
    <subfield code="9">501</subfield>
    <subfield code="a">LBB</subfield>
    <subfield code="b">LBB</subfield>
    <subfield code="c">B009</subfield>
    <subfield code="d">2015-09-08</subfield>
    <subfield code="o">AGR &#x179F;&#x17CA;&#x17D2;&#x179A;&#x17BB;&#x1793; &#x17E1;&#x17E9;&#x17E9;&#x17E2; BOO8 Or.2</subfield>
    <subfield code="p">RUA005748</subfield>
    <subfield code="r">2015-09-08</subfield>
    <subfield code="w">2015-09-08</subfield>
    <subfield code="y">AGR</subfield>
  </datafield>
  <datafield tag="952" ind1=" " ind2=" ">
    <subfield code="0">0</subfield>
    <subfield code="1">0</subfield>
    <subfield code="2">ddc</subfield>
    <subfield code="4">0</subfield>
    <subfield code="6">AGR_&#x179F;&#x179A;&#x17BB;&#x1793;_&#x17E1;&#x17E9;&#x17E9;&#x17E2;_000000000000000_BOO8_OR_3</subfield>
    <subfield code="7">0</subfield>
    <subfield code="9">502</subfield>
    <subfield code="a">LBB</subfield>
    <subfield code="b">LBB</subfield>
    <subfield code="c">B009</subfield>
    <subfield code="d">2015-09-08</subfield>
    <subfield code="o">AGR &#x179F;&#x17CA;&#x17D2;&#x179A;&#x17BB;&#x1793; &#x17E1;&#x17E9;&#x17E9;&#x17E2; BOO8 Or.3</subfield>
    <subfield code="p">RUA004858</subfield>
    <subfield code="r">2015-09-08</subfield>
    <subfield code="w">2015-09-08</subfield>
    <subfield code="y">AGR</subfield>
  </datafield>
  <datafield tag="952" ind1=" " ind2=" ">
    <subfield code="0">0</subfield>
    <subfield code="1">0</subfield>
    <subfield code="2">ddc</subfield>
    <subfield code="4">0</subfield>
    <subfield code="6">AGR_&#x179F;&#x179A;&#x17BB;&#x1793;_&#x17E1;&#x17E9;&#x17E9;&#x17E2;_000000000000000_BOO8_OR_4</subfield>
    <subfield code="7">0</subfield>
    <subfield code="9">503</subfield>
    <subfield code="a">LBB</subfield>
    <subfield code="b">LBB</subfield>
    <subfield code="c">B009</subfield>
    <subfield code="d">2015-09-08</subfield>
    <subfield code="o">AGR &#x179F;&#x17CA;&#x17D2;&#x179A;&#x17BB;&#x1793; &#x17E1;&#x17E9;&#x17E9;&#x17E2; BOO8 Or.4</subfield>
    <subfield code="p">RUA005352</subfield>
    <subfield code="r">2015-09-08</subfield>
    <subfield code="w">2015-09-08</subfield>
    <subfield code="y">AGR</subfield>
  </datafield>
  <datafield tag="952" ind1=" " ind2=" ">
    <subfield code="0">0</subfield>
    <subfield code="1">0</subfield>
    <subfield code="2">ddc</subfield>
    <subfield code="4">0</subfield>
    <subfield code="6">AGR_&#x179F;&#x179A;&#x17BB;&#x1793;_&#x17E1;&#x17E9;&#x17E9;&#x17E2;_000000000000000_BOO8_OR_5</subfield>
    <subfield code="7">0</subfield>
    <subfield code="9">504</subfield>
    <subfield code="a">LBB</subfield>
    <subfield code="b">LBB</subfield>
    <subfield code="c">B009</subfield>
    <subfield code="d">2015-09-08</subfield>
    <subfield code="o">AGR &#x179F;&#x17CA;&#x17D2;&#x179A;&#x17BB;&#x1793; &#x17E1;&#x17E9;&#x17E9;&#x17E2; BOO8 Or.5</subfield>
    <subfield code="p">RUA005974</subfield>
    <subfield code="r">2015-09-08</subfield>
    <subfield code="w">2015-09-08</subfield>
    <subfield code="y">AGR</subfield>
  </datafield>
  <datafield tag="952" ind1=" " ind2=" ">
    <subfield code="0">0</subfield>
    <subfield code="1">0</subfield>
    <subfield code="2">ddc</subfield>
    <subfield code="4">0</subfield>
    <subfield code="6">AGR_&#x179F;&#x179A;&#x17BB;&#x1793;_&#x17E1;&#x17E9;&#x17E9;&#x17E2;_000000000000000_BOO8_OR_6</subfield>
    <subfield code="7">0</subfield>
    <subfield code="9">506</subfield>
    <subfield code="a">LBB</subfield>
    <subfield code="b">LBB</subfield>
    <subfield code="c">B009</subfield>
    <subfield code="d">2015-09-08</subfield>
    <subfield code="o">AGR &#x179F;&#x17CA;&#x17D2;&#x179A;&#x17BB;&#x1793; &#x17E1;&#x17E9;&#x17E9;&#x17E2; BOO8 Or.6</subfield>
    <subfield code="p">RUA004989</subfield>
    <subfield code="r">2015-09-08</subfield>
    <subfield code="w">2015-09-08</subfield>
    <subfield code="y">AGR</subfield>
  </datafield>
  <datafield tag="952" ind1=" " ind2=" ">
    <subfield code="0">0</subfield>
    <subfield code="1">0</subfield>
    <subfield code="2">ddc</subfield>
    <subfield code="4">0</subfield>
    <subfield code="6">AGR_&#x179F;&#x179A;&#x17BB;&#x1793;_&#x17E1;&#x17E9;&#x17E9;&#x17E2;_000000000000000_BOO8_OR_7</subfield>
    <subfield code="7">0</subfield>
    <subfield code="9">514</subfield>
    <subfield code="a">LBB</subfield>
    <subfield code="b">LBB</subfield>
    <subfield code="d">2015-09-08</subfield>
    <subfield code="o">AGR &#x179F;&#x17CA;&#x17D2;&#x179A;&#x17BB;&#x1793; &#x17E1;&#x17E9;&#x17E9;&#x17E2; BOO8 Or.7</subfield>
    <subfield code="p">RUA004847</subfield>
    <subfield code="r">2015-09-08</subfield>
    <subfield code="w">2015-09-08</subfield>
    <subfield code="y">AGR</subfield>
  </datafield>
  <datafield tag="952" ind1=" " ind2=" ">
    <subfield code="0">0</subfield>
    <subfield code="1">0</subfield>
    <subfield code="2">ddc</subfield>
    <subfield code="4">0</subfield>
    <subfield code="6">AGR_&#x179F;&#x179A;&#x17BB;&#x1793;_&#x17E1;&#x17E9;&#x17E9;&#x17E2;_000000000000000_BOO8_OR_8</subfield>
    <subfield code="7">0</subfield>
    <subfield code="9">516</subfield>
    <subfield code="a">LBB</subfield>
    <subfield code="b">LBB</subfield>
    <subfield code="d">2015-09-08</subfield>
    <subfield code="o">AGR &#x179F;&#x17CA;&#x17D2;&#x179A;&#x17BB;&#x1793; &#x17E1;&#x17E9;&#x17E9;&#x17E2; BOO8 Or.8</subfield>
    <subfield code="p">RUA005887</subfield>
    <subfield code="r">2015-09-08</subfield>
    <subfield code="w">2015-09-08</subfield>
    <subfield code="y">AGR</subfield>
  </datafield>
</record>
